| 000 | 00693nam a2200229Ia 4500 | ||
|---|---|---|---|
| 003 | GCL | ||
| 008 | 140319s9999 xx 000 0 ara d | ||
| 020 | _a1525324977 | ||
| 040 |
_aGCL / _cGCL |
||
| 082 | 0 | 4 |
_a186.1 _bم ا |
| 100 | 1 | _aمحمد عمارة | |
| 245 | 1 | 0 |
_aالاسلام والتعددية الاختلاف والتنوع فى اطار الوحدة / _cمحمد عمارة |
| 250 | _aالاولى | ||
| 260 |
_aالقاهرة : _bدار الرشاد ، _c1997 |
||
| 300 |
_a335 ص ؛ _c24 سم |
||
| 490 | _a | ||
| 650 | 0 | 4 | _aالفلسفة الاسلامية |
| 650 | 0 | 4 | _aالاسلام |
| 650 | 0 | 4 | _aالفلسفة |
| 650 | 0 | 4 | _aالتعددية |
| 942 |
_2ddc _cBK |
||
| 999 |
_c39012 _d39012 |
||